| 000 | 006120000a22001810004500 | ||
|---|---|---|---|
| 003 | MACL | ||
| 005 | 20160513122723.0 | ||
| 008 | 160513b xxu||||| |||| 00| 0 eng d | ||
| 040 |
_aMACL _cMACL |
||
| 041 | _aHindi | ||
| 082 | _a891.431 | ||
| 100 |
_aसतीश, उमाशंकर _956659 |
||
| 245 |
_aचन्द्रकॅुवर बर्त्वाल की कविताऍ _cउमाशंकर सतीश |
||
| 260 |
_bसरस्वती प्रेस _c1994 _aइलाहाबाद |
||
| 350 | _a150 | ||
| 650 |
_aPoem _927793 |
||
| 942 |
_cHIN _k891.431/SAT/P _2ddc |
||
| 999 |
_c20455 _d20455 |
||